000 00603nam a2200229 i 4500
001 C2-0132826
003 PPAK
005 20180727123138.0
008 971028s1958 enk |||| ||||| | eng d
040 _aPPAK
_beng
_cPPAK
_erda
082 0 4 _a823
_223
090 0 0 _a823
_bKER
_dKIH
100 1 _aKerr, Jean,
_eauthor
245 1 0 _aPlease don't eat the daisies
264 1 _aGreat Britain :
_bHeinemann ,
_c1958
300 _axix, 138 pages ;
_c18 cm
336 _2rdacontent
_atext
337 _2rdamedia
_aunmediated
338 _2rdacarrier
_avolume
650 1 0 _aEnglish fiction
942 _ddc
_cB
999 _c41692
_d41692